Κυπριακαί Σπουδαί : Δελτίον της Εταιρείας Κυπριακών Σπουδών /
| Μορφή: | Επιστημονικό περιοδικό |
|---|---|
| Γλώσσα: | Greek English French |
| Έκδοση: |
Εν Λευκωσία :
Εταιρεία Κυπριακών Σπουδών,
1981.
|
| Θέματα: |
| LEADER | 01054nas a2200241 i 4500 | ||
|---|---|---|---|
| 003 | GR-PaULI | ||
| 005 | 20220504123012.0 | ||
| 008 | 201119c1981 gr ar|p|rb||||00| |0g d | ||
| 999 | |c 148058 |d 148058 | ||
| 040 | |a GR-PaULI |b gre |c GR-PaULI |d GR-AiPI |e AACR2 | ||
| 041 | 0 | |a gre |a eng |a fre | |
| 082 | 0 | 4 | |a 956.93 |2 23 |
| 245 | 1 | 0 | |a Κυπριακαί Σπουδαί : |b Δελτίον της Εταιρείας Κυπριακών Σπουδών / |c Εταιρεία Κυπριακών Σπουδών. |
| 260 | |a Εν Λευκωσία : |b Εταιρεία Κυπριακών Σπουδών, |c 1981. | ||
| 300 | |a τ. ; |c 24 εκ. | ||
| 310 | |a Ετήσιο | ||
| 362 | |a τ.ΜΕ΄ (1981)- | ||
| 500 | |3 Κείμενο στην ελληνική, μερικά άρθρα στην αγγλική και στη γαλλική. | ||
| 651 | 4 | |9 184418 |a Κύπρος |x Πολιτισμός |v Περιοδικά. | |
| 651 | 4 | |9 184419 |a Κύπρος |x Ιστορία |v Περιοδικά. | |
| 866 | |a τ.ΜΕ΄ (1981)- | ||
| 942 | |2 ddc |c BKD | ||
| 998 | |c ΚΟΚΟΤΟΥ |d 2020-11 | ||